| Tag |
First Indicator |
Second Indicator |
Subfields |
| LEADER |
00000cgm a2200000Ma 4500 |
| 001 |
in00005548821 |
| 006 |
m o c |
| 007 |
cr |na---||a|a |
| 007 |
vz |zazu| |
| 008 |
131201s1994 hiu124 g o vuhin d |
| 005 |
20241201230836.4 |
| 035 |
|
|
|a (OCoLC)ocn865004609
|
| 040 |
|
|
|a ALSTP
|b eng
|e pn
|c ALSTP
|d OCLCO
|d OCLCF
|d OCLCQ
|d OCLCO
|d CUS
|d COO
|d OCLCO
|d OCLCQ
|d OCLCO
|d OCLCA
|d YOU
|d OCLCO
|d WYU
|d OCLCO
|d OCLCL
|d OCLCQ
|
| 019 |
|
|
|a 1065551330
|
| 035 |
|
|
|a (OCoLC)865004609
|z (OCoLC)1065551330
|
| 041 |
1 |
|
|a hin
|j eng
|h hin
|
| 043 |
|
|
|a a-ii---
|
| 049 |
|
|
|a TXAM
|
| 245 |
0 |
0 |
|a Tarpan =
|b (the absolution) /
|c directed by K. Bikram Singh.
|
| 246 |
3 |
1 |
|a Absolution
|
| 257 |
|
|
|a India
|2 naf
|
| 260 |
|
|
|a Honolulu, HI :
|b Asia Pacific Films,
|c 1994.
|
| 300 |
|
|
|a 1 online resource (1 video file (124 min.)).
|
| 306 |
|
|
|a 020400
|
| 336 |
|
|
|a two-dimensional moving image
|b tdi
|2 rdacontent
|
| 337 |
|
|
|a computer
|b c
|2 rdamedia
|
| 338 |
|
|
|a online resource
|b cr
|2 rdacarrier
|
| 344 |
|
|
|a digital
|2 rda
|
| 347 |
|
|
|a video file
|2 rda
|
| 380 |
|
|
|a Motion pictures
|2 lcgft
|
| 490 |
0 |
|
|a Asian film online
|
| 500 |
|
|
|a Title from resource description page (viewed Aug. 6, 2013).
|
| 520 |
|
|
|a Joravar lives in a small village with his wife and 2 daughters. His first daughter passes away and they take extra special care of their second child. But suddenly she inexplicably falls sick and the doctor can't help her. They set out to speak to a village elder by the name of Jasso, who asks them to go to Suku Baba, who will surely find a way to cure their daughter.
|
| 546 |
|
|
|a This edition in Hindi with English subtitles.
|
| 650 |
|
0 |
|a Feature films
|z India.
|
| 650 |
|
7 |
|a Feature films.
|2 fast
|0 (OCoLC)fst00922105
|
| 651 |
|
7 |
|a India.
|2 fast
|0 (OCoLC)fst01210276
|1 https://id.oclc.org/worldcat/entity/E39PBJmdx47cDXrRhBXHtbvPwC
|
| 655 |
|
7 |
|a Feature films.
|2 fast
|0 (OCoLC)fst01710384
|
| 655 |
|
7 |
|a Feature films.
|2 lcgft
|
| 700 |
1 |
|
|a Singh, K. Bikram
|q (Kunwar Bikram),
|d 1938-
|e film director.
|4 drt
|
| 700 |
1 |
|
|a Bajaj, Savita,
|e actor.
|4 prf
|
| 700 |
1 |
|
|a Bhardwaj, Babita,
|e actor.
|4 prf
|
| 700 |
1 |
|
|a Bhatnagar, Pradeep,
|e actor.
|4 prf
|
| 856 |
4 |
0 |
|u http://proxy.library.tamu.edu/login?url=https://www.aspresolver.com/aspresolver.asp?AVN2;2069920
|z Connect to this streaming video (Alexander Street Press)
|t 0
|
| 955 |
|
|
|a Alexander Street Press subscription streaming video
|
| 994 |
|
|
|a 92
|b TXA
|
| 999 |
f |
f |
|s 50561d50-68dc-46f9-8de9-1eb142269b60
|i 4d93a39e-87bf-4d31-a175-708d2bf72e45
|t 0
|
| 952 |
f |
f |
|a Texas A&M University
|b College Station
|c Electronic Resources
|d Available Online
|t 0
|h Library of Congress classification
|
| 998 |
f |
f |
|t 0
|l Available Online
|